[Event "GER-chT U10"]
[Site "Magdeburg"]
[Date "2015.12.28"]
[Round "4.2"]
[White "Isensee, Lennart"]
[Black "Menzner, Paul"]
[Result "0-1"]
[WhiteElo "924"]
[BlackElo "1007"]
[PlyCount "49"]
[EventDate "2015.12.27"]
[EventType "team-swiss"]
[EventRounds "7"]
[EventCountry "GER"]
[SourceTitle "EXT 2017"]
[Source "ChessBase"]
[SourceDate "2016.10.25"]
[SourceVersion "1"]
[SourceVersionDate "2016.10.25"]
[SourceQuality "1"]
[WhiteTeam "Hettstedt"]
[BlackTeam "Vaterstetten"]
[WhiteTeamCountry "GER"]
[BlackTeamCountry "GER"]

1. e4 d5 2. Nc3 d4 3. Nd5 Nf6 4. d3 Nxd5 5. exd5 e6 6. Nf3 exd5 7. Nxd4 Bc5 8. Be3 Qe7 9. Be2 Bxd4 10. Bxd4 0-0 11. 0-0 Nc6 12. Bc5 Qe8 13. Bxf8 Qxf8 14. h3 Be6 15. c4 dxc4 16. dxc4 Rd8 17. Qb3 Nd4 18. Qd3 Nf3+ 19. Bxf3 Rxd3 20. Bxb7 Qb4 21. Be4 g6 22. b3 Qc3 23. Rac1 Qd4 24. Bf3 Qh4 25. Rcd1 0-1

[Event "GER-chT U10"]
[Site "Magdeburg"]
[Date "2015.12.28"]
[Round "3.2"]
[White "Isensee, Lennart"]
[Black "Schmidtmann, Kimberly"]
[Result "0-1"]
[WhiteElo "924"]
[BlackElo "1086"]
[PlyCount "52"]
[EventDate "2015.12.27"]
[EventType "team-swiss"]
[EventRounds "7"]
[EventCountry "GER"]
[SourceTitle "EXT 2017"]
[Source "ChessBase"]
[SourceDate "2016.10.25"]
[SourceVersion "1"]
[SourceVersionDate "2016.10.25"]
[SourceQuality "1"]
[WhiteTeam "Hettstedt"]
[BlackTeam "Paderborn Blauer Springer"]
[WhiteTeamCountry "GER"]
[BlackTeamCountry "GER"]

1. e4 e5 2. Nf3 Nc6 3. Bb5 Bc5 4. Bxc6 dxc6 5. Nc3 Bg4 6. d3 Nf6 7. 0-0 Qd7 8. h3 Bxf3 9. Qxf3 0-0-0 10. Bg5 Rhg8 11. Qf5 Qxf5 12. exf5 Kb8 13. Bxf6 gxf6 14. a3 Rg5 15. b4 Bd4 16. h4 Rg4 17. g3 Bxc3 18. Rab1 Bd4 19. a4 Rxg3+ 20. Kh2 Rf3 21. Kg2 Rxf5 22. c4 Rg8+ 23. Kh3 Rf3+ 24. Kh2 e4 25. a5 Be5+ 26. Kh1 Rh3# 0-1

[Event "GER-chT U10"]
[Site "Magdeburg"]
[Date "2015.12.27"]
[Round "2.2"]
[White "Brunner, Alexander1111"]
[Black "Isensee, Lennart"]
[Result "1-0"]
[WhiteElo "1102"]
[BlackElo "924"]
[PlyCount "33"]
[EventDate "2015.12.27"]
[EventType "team-swiss"]
[EventRounds "7"]
[EventCountry "GER"]
[SourceTitle "EXT 2017"]
[Source "ChessBase"]
[SourceDate "2016.10.25"]
[SourceVersion "1"]
[SourceVersionDate "2016.10.25"]
[SourceQuality "1"]
[WhiteTeam "Hagen"]
[BlackTeam "Hettstedt"]
[WhiteTeamCountry "GER"]
[BlackTeamCountry "GER"]

1. e4 e5 2. d4 d6 3. dxe5 dxe5 4. Qxd8+ Kxd8 5. Nf3 Nc6 6. Bb5 Bd7 7. Bxc6 Bxc6 8. Nxe5 Nh6 9. Bxh6 gxh6 10. Nxf7+ Ke7 11. Nxh8 Bg7 12. Nc3 Rxh8 13. 0-0-0 Bxc3 14. bxc3 Bxe4 15. Rhe1 Re8 16. Rxe4+ Kf7 17. Rd7+ 1-0